000 12061nam a22008057a 4500
005 20080918163843.0
008 080918t xxu||||| |||| 00| 0 hin d
010 _aHIN-92811 B-475289-327
020 _a9780071074926
_c365.00
020 _a0071074929 B-475289-327
035 _aHN-65157
037 _bDBAD / PUB
037 _bरिसर्चो बुक सेंटर
040 _aDPL
_bHN
082 _a301
100 _9747
_aधर्मेन्द्र कुमार
245 _aसमाजशास्त्रः
_cधर्मेन्द्र कुमार
_bराज्य सिविल सेवाओं और अन्य प्रतियोगिता परीक्षाओं हेतु /
260 _aनई दिल्ली
_bटाटा मैग्राहील्स
_c2011
270 _a7, वेस्ट पटेल नगर
_bनई दिल्ली
_e110008
300 _axiv,542.पृ.
_c25सेमी (अजिल्द)
490 _aटाटा मैग्राहिल्स सीरिज
_950977
650 _9697
650 _9698
700 _927881
700 _927882
700 _927883
942 _2ddc
_cHN
_mधर्मेन्द्र
_h301
999 _c52688
_d52688